000 00817nam a2200241 4500
001 13416
003 HDC
007 cr bn ---aaaaa
008 210212c xx dr|nes 0 a eng d
040 _aHDC
245 0 _aMore R&D needed for production of halal ingredients Mukhriz
260 _a[No place] :
_b[publisher not identified],
_c[no year]
336 _atext
_2rdacontent
337 _acomputer
_2rdamedia
338 _aonline resource
_2rdacarrier
650 _aHalal food industry
_zMalaysia
_9218
650 _aIslamic law
_9590
710 _aBorneo Post (Kuching)
856 _zRequest full-text at [email protected]
942 _2lcc
942 _cNEWS
942 _kNWSC 004392
999 _c10732
_d10732